Pupils' mathematical performance in grades 3 and 6. : a longitudinal study (Record no. 75459)
[ view plain ]
| 000 -CABECERA | |
|---|---|
| campo de control de longitud fija | 00671nam a2200229 a 4500 |
| 005 - FECHA Y HORA DE LA ÚLTIMA TRANSACCIÓN | |
| campo de control | 20210219153359.0 |
| 008 - ELEMENTOS DE LONGITUD FIJA--INFORMACIÓN GENERAL | |
| campo de control de longitud fija | 991125n 000 0 u |
| 035 ## - NÚMERO DE CONTROL DEL SISTEMA | |
| Número de control de sistema | UPN01000095363 |
| 100 ## - ASIENTO PRINCIPAL--NOMBRE PERSONAL | |
| Nombre de persona | Petterson, Astrid |
| 222 ## - TÍTULO CLAVE | |
| Título clave | EDUCATIONAL STUDIES IN MATHEMATICS |
| 245 ## - MENCIÓN DE TÍTULO | |
| Título | Pupils' mathematical performance in grades 3 and 6. : a longitudinal study |
| 300 ## - DESCRIPCIÓN FÍSICA | |
| Extensión | 439-450 |
| 362 ## - FECHAS DE PUBLICACIÓN Y/O DESIGNACIÓN SECUENCIAL | |
| Fecha de publicación y/o designación secuencial | 22, No. 5, 1991 |
| 505 ## - NOTA DE CONTENIDO CON FORMATO PREESTABLECIDO | |
| Nota de contenido con formato | Junio 1992 |
| 653 0# - TERMINO DE INDIZACION - NO CONTROLADO | |
| Término no controlado | DESTREZAS MATEMATICAS |
| 653 0# - TERMINO DE INDIZACION - NO CONTROLADO | |
| Término no controlado | ESTUDIO LONGITUDINAL |
| 653 0# - TERMINO DE INDIZACION - NO CONTROLADO | |
| Término no controlado | PROTOCOLO DE ANALISIS |
| 653 0# - TERMINO DE INDIZACION - NO CONTROLADO | |
| Término no controlado | REALIZACION MATEMATICA |
| 653 0# - TERMINO DE INDIZACION - NO CONTROLADO | |
| Término no controlado | RESOLUCION DE PROBLEMAS |
| 904 ## - ELEMENTOS DE DATOS D LOCAL, LDD (RLIN) | |
| a | AC |
| b | 033174 |
| 905 ## - TIPO DE MATERIAL | |
| Tipo de material | Articulo |
No items available.
